000 00188nam a2200085Ia 4500
008 230915s9999 xx 000 0 und d
100 _aBROWN,PARTWORKS
245 0 _aHOW IT WORKS
942 _cBK
999 _c60466
_d60466